Catálogo
 En Linea

Geografía y unidad Argentina / (Registro nro. 7064)

Detalles MARC
000 -CABECERA
campo de control de longitud fija 00854cam a2200217 a 4500
001 - NÚMERO DE CONTROL
campo de control 000007283
005 - FECHA Y HORA DE LA ÚLTIMA TRANSACCIÓN
campo de control 20200929154124.0
008 - DATOS DE LONGITUD FIJA--INFORMACIÓN GENERAL
campo de control de longitud fija 790815s1978 ag a b 001 0 spa
040 ## - FUENTE DE LA CATALOGACIÓN
Centro catalogador/agencia de origen DO-SdBNP
Centro/agencia transcriptor DLC
Centro/agencia modificador DLC
082 ## - NÚMERO DE LA CLASIFICACIÓN DECIMAL DEWEY
Número de clasificación 918.82
Número de documento/Ítem D244g, 1978
100 1# - ENTRADA PRINCIPAL--NOMBRE DE PERSONA
Nombre de persona Daus, Federico A.
Forma completa/desarrollada del nombre (Federico Alberto Daus),
Fechas asociadas al nombre 1901-1988.
9 (RLIN) 20218
245 10 - MENCIÓN DE TÍTULO
Título Geografía y unidad Argentina /
Mención de responsabilidad, etc. Federico A. Daus.
250 ## - MENCIÓN DE EDICIÓN
Mención de edición 2a ed.
260 ## - PUBLICACIÓN, DISTRIBUCIÓN, ETC.
Lugar de publicación, distribución, etc. Buenos Aires :
Nombre del editor, distribuidor, etc. Centro Naval :
-- Instituto de Publicaciones Navales,
Fecha de publicación, distribución, etc. 1978.
300 ## - DESCRIPCIÓN FÍSICA
Extensión 190 p. :
Otras características físicas il. ;
Dimensiones 23 cm.
490 1# - MENCIÓN DE SERIE
Mención de serie Ciencia y técnica
Designación de volumen o secuencia no. 7
Mención de serie Instituto de Publicaciones Navales
Designación de volumen o secuencia v. 38
504 ## - NOTA DE BIBLIOGRAFÍA, ETC.
Nota de bibliografía, etc. Bibliografías: p. 185-188.
651 #4 - PUNTO DE ACCESO ADICIONAL DE MATERIA--NOMBRE GEOGRÁFICO
Nombre geográfico Argentina
Subdivisión general Geografía Histórica
9 (RLIN) 20219
830 #0 - PUNTO DE ACCESO ADICIONAL DE SERIE-TÍTULO UNIFORME
Título uniforme Ciencia y técnica ;
Designación de volumen o secuencia no. 7
Nombre de parte o sección de la obra Instituto de Publicaciones Navales ;
Designación de volumen o secuencia v. 38
9 (RLIN) 20220
910 ## - DATOS DE OPCIÓN DEL USUARIO (OCLC)
Datos de opción del usuario Catalogación por copia / LC
Existencias
Estado de retiro Estado de pérdida Restricciones de uso No para préstamo Código de colección Localización permanente Ubicación/localización actual Ubicación en estantería Fecha de adquisición Número de inventario Total de préstamos Signatura topográfica completa Código de barras Fecha visto por última vez Precio válido a partir de Tipo de ítem Koha
    Préstamo interno   Monografías: Libros y Folletos General General En catalogación 07.09.2009 LF1   918.82 D244g, 1978 7283-10 25.06.2020 25.06.2020 Préstamo interno

Con tecnología Koha